C'est Malherbe bébé - Statistiques

Statistiques générales
  • Ce quiz a été pris 6 fois
  • Le résultat moyen est 11 sur 15
Statistiques - réponses
Hint Réponse % Correct
Nouveau propriétaire du club qui l'a acheté avec son argent de poche Kylian Mbappé
100%
Notre grand rival normand, encore plus bétonné que Caen ! Le Havre
100%
Nom du stade dans lequel évolue actuellement Malherbe. Michel d'Ornano
100%
Il est petit, il est gentil, il a stoppé Léo Messi (et a joué à Malherbe 2 ans). N'golo Kanté
100%
Nom du joueur le plus capé. Nicolas Seube
83%
Année de fondation du SM Caen. 1913
67%
Un "Ben" très connu, chauve, qui a vieilli comme un bon vin (ou un bon cidre !) au milieu de terrain. Benjamin Nivet
67%
Groupe de supporters qui chantera ses tripes pour Caen jusqu'en Nationale 3 MNK
67%
Adversaire en finale de la coupe de la ligue en 2005. Ils nous ont volé notre seul titre les raclures ! RC Strasbourg
67%
Le seul club espagnol qu'on a joué en coupe d'Europe (et battus 3-2 au retour !). Saragosse
67%
Joueur mythique des années 90 (on avait tous un poster de lui dans la chambre !) puis devenu directeur sportif du club. Xavier Gravelaine
67%
Entraîneur lors de la descente en ligue 2. On comprenait rien à ses conférences de presses, ses joueurs non plus visiblement. Fabien Mercadal
50%
Ancien stade de Malherbe, à jamais dans nos coeurs. Venoix
50%
Nom du meilleur buteur de l'histoire du club (avec 61 buts). Cyrille Watier
33%
Un géant suédois d'1m93, il marquait de la tête sans sauter. Il est passé par Malherbe en 94. Kennet Andersson
33%
Aucun quiz correspondant
Distribution des résultats
% des personnes avec chaque résultat
Percentile par nombre de réponses
Votre historique - résultats
Vous n’avez pas pris ce quiz